[Event "GER-chB Seniors 27th"]
[Site "Magdeburg"]
[Date "2015.08.23"]
[Round "9"]
[White "Fister, Horst Lothar"]
[Black "Baur, Helmut"]
[Result "1/2-1/2"]
[WhiteElo "1619"]
[BlackElo "1905"]
[PlyCount "52"]
[EventDate "2015.08.15"]
[EventType "swiss"]
[EventRounds "9"]
[EventCountry "GER"]
[SourceTitle "EXT 2018"]
[Source "ChessBase"]
[SourceDate "2017.10.13"]
[SourceVersion "1"]
[SourceVersionDate "2017.10.13"]
[SourceQuality "1"]

1. Nf3 d5 2. d4 Nf6 3. e3 Bg4 4. c4 e6 5. Nbd2 c6 6. h3 Bh5 7. g4 Bg6 8. Ne5 Nbd7 9. h4 h6 10. Nxg6 fxg6 11. Bd3 Kf7 12. Qf3 Kg8 13. Bxg6 Bb4 14. a3 Bxd2+ 15. Bxd2 Nf8 16. Bd3 a5 17. 0-0-0 N6h7 18. cxd5 exd5 19. Bc3 Qf6 20. Qg3 Ne6 21. f4 g5 22. fxg5 hxg5 23. Rdf1 Qe7 24. h5 Nf6 25. Qe5 Rh6 26. Bf5 Nd7 1/2-1/2

[Event "GER-chB Seniors 27th"]
[Site "Magdeburg"]
[Date "2015.08.20"]
[Round "6"]
[White "Fister, Horst Lothar"]
[Black "Wraga, Hermann"]
[Result "1/2-1/2"]
[WhiteElo "1619"]
[BlackElo "1669"]
[PlyCount "30"]
[EventDate "2015.08.15"]
[EventType "swiss"]
[EventRounds "9"]
[EventCountry "GER"]
[SourceTitle "EXT 2018"]
[Source "ChessBase"]
[SourceDate "2017.10.13"]
[SourceVersion "1"]
[SourceVersionDate "2017.10.13"]
[SourceQuality "1"]

1. Nf3 d6 2. d4 f5 3. e3 Nf6 4. Nc3 g6 5. Bc4 c6 6. a3 Bg7 7. Qe2 d5 8. Bb3 e6 9. Bd2 b5 10. Ne5 a6 11. a4 b4 12. Nd1 a5 13. c3 Ba6 14. Qf3 Ne4 15. cxb4 Nxd2 1/2-1/2

[Event "GER-chB Seniors 27th"]
[Site "Magdeburg"]
[Date "2015.08.17"]
[Round "3"]
[White "Fister, Horst Lothar"]
[Black "Husser, Oskar"]
[Result "0-1"]
[WhiteElo "1619"]
[BlackElo "1855"]
[PlyCount "43"]
[EventDate "2015.08.15"]
[EventType "swiss"]
[EventRounds "9"]
[EventCountry "GER"]
[SourceTitle "EXT 2018"]
[Source "ChessBase"]
[SourceDate "2017.10.13"]
[SourceVersion "1"]
[SourceVersionDate "2017.10.13"]
[SourceQuality "1"]

1. Nf3 c5 2. e3 Nc6 3. c3 g6 4. d4 cxd4 5. exd4 d5 6. Bd3 Bg7 7. 0-0 Bg4 8. Nbd2 e5 9. Be2 e4 10. Ne1 Be6 11. Nc2 f5 12. f3 Nf6 13. fxe4 fxe4 14. Ne3 0-0 15. Nb3 b6 16. Bd2 a5 17. a4 Ne7 18. Rc1 Rc8 19. Ng4 Nf5 20. Bg5 Qd7 21. Bb5 Qb7 22. Qe1 0-1

[Event "Hessen-ch Seniors op 10th"]
[Site "Bad Sooden-Allendorf"]
[Date "2014.05.02"]
[Round "7"]
[White "Zoll, Theobald"]
[Black "Fister, Horst Lothar"]
[Result "1-0"]
[WhiteElo "1733"]
[BlackElo "1621"]
[PlyCount "92"]
[EventDate "2014.04.26"]
[EventType "swiss"]
[EventRounds "9"]
[EventCountry "GER"]
[SourceTitle "EXT 2018"]
[Source "ChessBase"]
[SourceDate "2017.10.13"]
[SourceVersion "1"]
[SourceVersionDate "2017.10.13"]
[SourceQuality "1"]

1. Nf3 Nf6 2. b3 d5 3. Bb2 e6 4. e3 Be7 5. c4 c6 6. Nc3 0-0 7. cxd5 exd5 8. Be2 Bf5 9. Nh4 Be6 10. Nf3 Qc7 11. d4 Re8 12. 0-0 Bd6 13. Rc1 a6 14. Re1 Bg4 15. g3 Nbd7 16. Bf1 Ne4 17. Nxd5 Qd8 18. Nc3 Ng5 19. Be2 Nh3+ 20. Kg2 Bxf3+ 21. Bxf3 Ng5 22. Be2 Nf6 23. Bf1 Qd7 24. h4 Nge4 25. Nxe4 Nxe4 26. Bd3 Nf6 27. Qf3 Nd5 28. Qh5 g6 29. Qf3 Nb4 30. Bb1 Nd5 31. a3 f5 32. h5 Rf8 33. hxg6 hxg6 34. Rh1 Kg7 35. Rh3 Rh8 36. Rch1 Rxh3 37. Rxh3 Rh8 38. Rxh8 Kxh8 39. e4 fxe4 40. Bxe4 Kg7 41. Bxd5 cxd5 42. Qxd5 Qc6 43. Qxc6 bxc6 44. Kf3 Kf7 45. Ke4 Ke6 46. f4 a5 1-0

[Event "Hessen-ch Seniors op 10th"]
[Site "Bad Sooden-Allendorf"]
[Date "2014.04.30"]
[Round "5"]
[White "Graffenberger, Wilhelm"]
[Black "Fister, Horst Lothar"]
[Result "1-0"]
[WhiteElo "1755"]
[BlackElo "1621"]
[PlyCount "49"]
[EventDate "2014.04.26"]
[EventType "swiss"]
[EventRounds "9"]
[EventCountry "GER"]
[SourceTitle "EXT 2018"]
[Source "ChessBase"]
[SourceDate "2017.10.13"]
[SourceVersion "1"]
[SourceVersionDate "2017.10.13"]
[SourceQuality "1"]

1. d4 Nf6 2. Nf3 d5 3. e3 Bf5 4. Nbd2 e6 5. Be2 h6 6. Ne5 Bd6 7. Ndf3 c5 8. Bb5+ Nfd7 9. 0-0 a6 10. Bd3 Bxd3 11. Qxd3 c4 12. Qe2 Nf6 13. Nd2 0-0 14. e4 b5 15. exd5 exd5 16. f4 Re8 17. Ndf3 Ng4 18. Qd2 Nxe5 19. fxe5 Be7 20. Qf2 Nc6 21. Qg3 Kh7 22. c3 g5 23. Nh4 gxh4 24. Rxf7+ Kh8 25. Qg7# 1-0

[Event "Hessen-ch Seniors op 09th"]
[Site "Bad Sooden-Allendorf"]
[Date "2013.04.20"]
[Round "1"]
[White "Rehder, Frank"]
[Black "Fister, Horst Lothar"]
[Result "1-0"]
[WhiteElo "1886"]
[BlackElo "1629"]
[PlyCount "81"]
[EventDate "2013.04.20"]
[EventType "swiss"]
[EventRounds "9"]
[EventCountry "GER"]
[SourceTitle "EXT 2019"]
[Source "ChessBase"]
[SourceDate "2018.10.10"]
[SourceVersion "1"]
[SourceVersionDate "2018.10.10"]
[SourceQuality "1"]

1. d4 d6 2. Nf3 g6 3. c4 Nf6 4. Nc3 Bg7 5. e4 c6 6. Be2 Nbd7 7. 0-0 0-0 8. h3 e5 9. Be3 Re8 10. Qc2 a6 11. Rfd1 Qc7 12. a4 c5 13. d5 Nh5 14. Qd2 Nf8 15. Nh2 Nf6 16. Bf3 N8d7 17. Ne2 a5 18. g4 Nb6 19. b3 Nfd7 20. Ng3 Qd8 21. Bg2 Bf6 22. g5 Bg7 23. h4 f6 24. h5 f5 25. exf5 Nf8 26. f6 Bh8 27. Qd3 e4 28. Bxe4 Bxf6 29. gxf6 Qxf6 30. Bg2 Nbd7 31. Nf3 Ne5 32. Nxe5 Rxe5 33. f4 Re8 34. Bd2 Bg4 35. Rf1 gxh5 36. Bc3 Qf7 37. Be4 h4 38. Nf5 Bxf5 39. Bxf5 Qh5 40. Ra2 h3 41. Bxh3 1-0

[Event "Hessen-ch Seniors op 08th"]
[Site "Bad Sooden-Allendorf"]
[Date "2012.04.15"]
[Round "2"]
[White "Fister, Horst Lothar"]
[Black "Schumacher, Ursula"]
[Result "1/2-1/2"]
[WhiteElo "1646"]
[BlackElo "1678"]
[PlyCount "31"]
[EventDate "2012.04.14"]
[EventType "swiss"]
[EventRounds "9"]
[EventCountry "GER"]
[SourceTitle "EXT 2019"]
[Source "ChessBase"]
[SourceDate "2018.10.10"]
[SourceVersion "1"]
[SourceVersionDate "2018.10.10"]
[SourceQuality "1"]

1. Nf3 c6 2. d4 d5 3. e3 Bf5 4. c4 e6 5. Nc3 Nf6 6. Be2 Be7 7. 0-0 Nbd7 8. cxd5 cxd5 9. Ne5 a6 10. g4 Bg6 11. h4 Nxe5 12. dxe5 Nd7 13. h5 Bxh5 14. gxh5 Nxe5 15. Qd4 Bf6 16. Qa4+ 1/2-1/2

[Event "Hessen-ch Seniors op 07th"]
[Site "Bad Sooden-Allendorf"]
[Date "2011.05.07"]
[Round "8"]
[White "Bangert, Ruediger"]
[Black "Fister, Horst Lothar"]
[Result "1-0"]
[WhiteElo "1478"]
[BlackElo "1312"]
[PlyCount "46"]
[EventDate "2011.04.30"]
[EventType "swiss"]
[EventRounds "9"]
[EventCountry "GER"]
[SourceTitle "EXT 2012"]
[Source "ChessBase"]
[SourceDate "2011.11.24"]
[SourceVersion "1"]
[SourceVersionDate "2011.11.24"]
[SourceQuality "1"]

1. c4 d6 2. d4 Nf6 3. Nc3 c6 4. e4 Nbd7 5. Be3 g6 6. f3 Bg7 7. Rc1 0-0 8. Qd2 e5 9. d5 c5 10. Nb5 Nb6 11. b3 a6 12. Nc3 Re8 13. h4 Nh5 14. Nge2 f5 15. exf5 Bxf5 16. g4 Nf4 17. gxf5 gxf5 18. Ng3 Qf6 19. Nce2 Nd7 20. Kd1 Nf8 21. Bxf4 exf4 22. Qxf4 Kh8 23. Qg5 Qe5 1-0

[Event "Hessen-ch Seniors op 07th"]
[Site "Bad Sooden-Allendorf"]
[Date "2011.04.30"]
[Round "1"]
[White "Fister, Horst Lothar"]
[Black "Merettig, Georg"]
[Result "0-1"]
[WhiteElo "1312"]
[BlackElo "1734"]
[PlyCount "66"]
[EventDate "2011.04.30"]
[EventType "swiss"]
[EventRounds "9"]
[EventCountry "GER"]
[SourceTitle "EXT 2012"]
[Source "ChessBase"]
[SourceDate "2011.11.24"]
[SourceVersion "1"]
[SourceVersionDate "2011.11.24"]
[SourceQuality "1"]

1. Nf3 Nc6 2. d4 e6 3. e3 f5 4. Nbd2 Nf6 5. Bd3 Nb4 6. Be2 b6 7. a3 Nc6 8. Ne5 Ne7 9. Bf3 Rb8 10. c4 c6 11. 0-0 Qc7 12. b4 d6 13. Nd3 e5 14. dxe5 dxe5 15. e4 f4 16. Bb2 Ng6 17. Be2 Bd6 18. Rc1 c5 19. Qa4+ Bd7 20. Qd1 0-0 21. Bh5 Nxh5 22. Qxh5 Rbe8 23. Nf3 Rf6 24. Nh4 Nxh4 25. Qxh4 Rh6 26. Qg5 Rg6 27. Qh5 Bg4 28. Qh4 f3 29. Nxe5 Bxe5 30. Bxe5 Rxe5 31. Rcd1 Reg5 32. Qg3 Qc8 33. gxf3 Bxf3 0-1

[Event "Niedersachsen-ch Seniors op 13th"]
[Site "Bad Bevensen"]
[Date "2010.07.14"]
[Round "9"]
[White "Fister, Horst Lothar"]
[Black "Buss, Richard"]
[Result "0-1"]
[WhiteElo "1411"]
[BlackElo "1482"]
[PlyCount "22"]
[EventDate "2010.07.06"]
[EventType "swiss"]
[EventRounds "9"]
[EventCountry "GER"]
[SourceTitle "EXT 2012"]
[Source "ChessBase"]
[SourceDate "2011.11.24"]
[SourceVersion "1"]
[SourceVersionDate "2011.11.24"]
[SourceQuality "1"]

1. d4 Nf6 2. Nf3 d6 3. e3 Bf5 4. c4 c6 5. Nc3 Nbd7 6. Be2 e5 7. d5 cxd5 8. cxd5 a6 9. h4 Nh5 10. b4 Be7 11. Qc2 Bxc2 0-1

[Event "Bad Bevensen Seniors op 12th"]
[Site "Bad Bevensen"]
[Date "2009.07.15"]
[Round "9"]
[White "Fister, Horst Lothar"]
[Black "Engelhardt, Erhard"]
[Result "0-1"]
[WhiteElo "1368"]
[BlackElo "1609"]
[PlyCount "71"]
[EventDate "2009.07.07"]
[EventType "swiss"]
[EventRounds "9"]
[EventCountry "GER"]
[SourceTitle "EXT 2022"]
[Source "ChessBase"]
[SourceDate "2021.10.06"]
[SourceVersion "1"]
[SourceVersionDate "2021.10.06"]
[SourceQuality "1"]

1. Nf3 b6 2. g3 Bb7 3. Bg2 e6 4. 0-0 f5 5. d3 Nf6 6. Nbd2 Be7 7. Re1 0-0 8. e4 fxe4 9. dxe4 Na6 10. b3 Bb4 11. Nh4 e5 12. Bb2 Bxd2 13. Qxd2 d6 14. Nf5 Nc5 15. f3 Rf7 16. Qg5 Kh8 17. a4 Ne6 18. Qd2 Rd7 19. Bf1 h6 20. Bc4 Ng5 21. Kg2 d5 22. Bb5 c6 23. Be2 dxe4 24. Qe3 exf3+ 25. Bxf3 Nxf3 26. Kxf3 c5+ 27. Ke2 Ne4 28. Qc3 Qf6 29. Rf1 Ba6+ 30. Ke1 Bxf1 31. Qf3 Rf8 32. Qxe4 Qxf5 33. Qxf5 Rxf5 34. a5 b5 35. Ba3 Bg2 36. Bxc5 0-1

[Event "Bad Bevensen Seniors op 12th"]
[Site "Bad Bevensen"]
[Date "2009.07.10"]
[Round "4"]
[White "Jasinski, Viktor"]
[Black "Fister, Horst Lothar"]
[Result "1/2-1/2"]
[WhiteElo "1557"]
[BlackElo "1368"]
[PlyCount "24"]
[EventDate "2009.07.07"]
[EventType "swiss"]
[EventRounds "9"]
[EventCountry "GER"]
[SourceTitle "EXT 2022"]
[Source "ChessBase"]
[SourceDate "2021.10.06"]
[SourceVersion "1"]
[SourceVersionDate "2021.10.06"]
[SourceQuality "1"]

1. d4 e5 2. dxe5 Nc6 3. Nf3 Qe7 4. Bf4 Qb4+ 5. Bd2 Qxb2 6. Nc3 Bb4 7. Rb1 Qa3 8. Nb5 Qa5 9. Nxc7+ Qxc7 10. Bxb4 Nxb4 11. Rxb4 Qc3+ 12. Qd2 Qa1+ 1/2-1/2

[Event "Lippe Cup 05th"]
[Site "Lieme"]
[Date "2008.09.26"]
[Round "1"]
[White "Karsunke, Marvin"]
[Black "Fister, Horst Lothar"]
[Result "1-0"]
[WhiteElo "1643"]
[BlackElo "1367"]
[PlyCount "55"]
[EventDate "2008.09.26"]
[EventType "swiss"]
[EventRounds "5"]
[EventCountry "GER"]
[SourceTitle "EXT 2012"]
[Source "ChessBase"]
[SourceDate "2011.11.24"]
[SourceVersion "1"]
[SourceVersionDate "2011.11.24"]
[SourceQuality "1"]

1. e4 d6 2. d4 Nf6 3. Nc3 c6 4. Nf3 Bg4 5. Be2 Nbd7 6. 0-0 e6 7. Bg5 Be7 8. Re1 h6 9. Bh4 0-0 10. h3 Bxf3 11. Bxf3 e5 12. Bg3 Qb6 13. dxe5 dxe5 14. Rb1 Rad8 15. a3 Rfe8 16. Qe2 Qc7 17. Red1 Nf8 18. Rxd8 Rxd8 19. Rd1 Ng6 20. Qe3 b6 21. Rd3 Nd7 22. Bg4 Bc5 23. Qd2 Bd4 24. Ne2 Nc5 25. Rxd4 Rxd4 26. Qxd4 exd4 27. Bxc7 Nxe4 28. Nxd4 1-0

[Event "Lippe Cup 04th"]
[Site "Lieme"]
[Date "2007.09.30"]
[Round "5"]
[White "Fister, Horst Lothar"]
[Black "Hilverda, Jan"]
[Result "1-0"]
[WhiteElo "1289"]
[BlackElo "782"]
[PlyCount "109"]
[EventDate "2007.09.28"]
[EventType "swiss"]
[EventRounds "5"]
[EventCountry "GER"]
[SourceTitle "EXT 2012"]
[Source "ChessBase"]
[SourceDate "2011.11.24"]
[SourceVersion "1"]
[SourceVersionDate "2011.11.24"]
[SourceQuality "1"]

1. Nf3 d6 2. g3 Nc6 3. Bg2 Nf6 4. c3 e5 5. 0-0 Be7 6. d3 h6 7. Nbd2 Be6 8. e4 Qd7 9. a4 0-0-0 10. b4 Ng4 11. a5 a6 12. Re1 d5 13. Qa4 Na7 14. Qxd7+ Rxd7 15. h3 Nf6 16. Nxe5 Rd6 17. exd5 Nxd5 18. Ne4 Nxc3 19. Nxc3 Rd4 20. Be3 Bxb4 21. Bxd4 Rd8 22. Re4 f6 23. Nf3 Bf5 24. Rf4 Nc6 25. Rxf5 Nxd4 26. Nxd4 Bxc3 27. Ne6 Rxd3 28. Ra3 Rd1+ 29. Kh2 Be1 30. Nxg7 Rd2 31. Raf3 Rd6 32. Rxf6 Bxa5 33. Rxd6 cxd6 34. Nf5 Kc7 35. Nxh6 Bd2 36. Ng4 b5 37. Rf7+ Kb6 38. Rd7 Bb4 39. Ne3 Ka5 40. Nc2 Bc5 41. f4 b4 42. Rb7 Ka4 43. Bf1 b3 44. Ne1 Bb4 45. Nd3 a5 46. f5 Bc3 47. h4 Ka3 48. h5 b2 49. Nxb2 Bxb2 50. Rxb2 Kxb2 51. f6 a4 52. f7 a3 53. f8Q a2 54. Qf2+ Ka1 55. Bc4 1-0

[Event "Lippe Cup 04th"]
[Site "Lieme"]
[Date "2007.09.29"]
[Round "2"]
[White "Altenbernd, Jannis Domenik"]
[Black "Fister, Horst Lothar"]
[Result "1/2-1/2"]
[WhiteElo "1529"]
[BlackElo "1289"]
[PlyCount "28"]
[EventDate "2007.09.28"]
[EventType "swiss"]
[EventRounds "5"]
[EventCountry "GER"]
[SourceTitle "EXT 2012"]
[Source "ChessBase"]
[SourceDate "2011.11.24"]
[SourceVersion "1"]
[SourceVersionDate "2011.11.24"]
[SourceQuality "1"]

1. d4 e5 2. dxe5 Nc6 3. Nf3 Qe7 4. Bf4 Qb4+ 5. Bd2 Qxb2 6. Nc3 Bb4 7. Rb1 Qa3 8. Nb5 Qa5 9. Nxc7+ Qxc7 10. Bxb4 Nxb4 11. Rxb4 Qc3+ 12. Qd2 Qa1+ 13. Qd1 Qc3+ 14. Qd2 Qa1+ 1/2-1/2

[Event "Hessen-ch Seniors op 03rd"]
[Site "Bad Sooden-Allendorf"]
[Date "2007.05.05"]
[Round "8"]
[White "Fister, Horst Lothar"]
[Black "Narr, Irmgard"]
[Result "0-1"]
[WhiteElo "1297"]
[BlackElo "1522"]
[PlyCount "80"]
[EventDate "2007.04.27"]
[EventType "swiss"]
[EventRounds "9"]
[EventCountry "GER"]
[SourceTitle "EXT 2022"]
[Source "ChessBase"]
[SourceDate "2021.10.06"]
[SourceVersion "1"]
[SourceVersionDate "2021.10.06"]
[SourceQuality "1"]

1. d4 Nf6 2. Nc3 e6 3. e4 Bb4 4. Bd3 b6 5. Bg5 Be7 6. Nce2 Bb7 7. Bxf6 Bxf6 8. e5 Bxg2 9. exf6 Qxf6 10. Qd2 Bxh1 11. 0-0-0 Nc6 12. Ng3 Bf3 13. Nxf3 Qxf3 14. c3 Qd5 15. Kb1 a5 16. Qf4 Qd6 17. Qg4 g6 18. Qg5 Qe7 19. Qf4 Ra7 20. Re1 Qd6 21. Qf6 Rg8 22. Qg5 Qe7 23. Qg4 Kd8 24. d5 Nb8 25. Kc2 a4 26. Nf5 Qf8 27. Nd4 exd5 28. Nb5 Ra5 29. Qf4 d6 30. Qg5+ f6 31. Qg3 Nd7 32. Na3 Ne5 33. Bb5 Qf7 34. f4 Nc4 35. Bxc4 dxc4 36. Qf3 Re8 37. Rd1 Qe6 38. Qc6 Qe4+ 39. Qxe4 Rxe4 40. Rf1 Rf5 0-1

[Event "Hessen-ch Seniors op 03rd"]
[Site "Bad Sooden-Allendorf"]
[Date "2007.04.28"]
[Round "1"]
[White "Fister, Horst Lothar"]
[Black "Blosze, Winfried"]
[Result "1-0"]
[WhiteElo "1297"]
[BlackElo "1684"]
[PlyCount "52"]
[EventDate "2007.04.27"]
[EventType "swiss"]
[EventRounds "9"]
[EventCountry "GER"]
[SourceTitle "EXT 2022"]
[Source "ChessBase"]
[SourceDate "2021.10.06"]
[SourceVersion "1"]
[SourceVersionDate "2021.10.06"]
[SourceQuality "1"]

1. d4 Nf6 2. Nc3 d5 3. e4 dxe4 4. f3 exf3 5. Nxf3 Bg4 6. h3 Bh5 7. Bc4 e6 8. 0-0 Be7 9. Be3 0-0 10. Qe1 c6 11. Bd3 Nbd7 12. g4 Bg6 13. Rd1 Re8 14. Ne5 Nxe5 15. dxe5 Nd5 16. Bxg6 hxg6 17. Ne4 Bh4 18. Bf2 Bxf2+ 19. Qxf2 Qb6 20. Rd4 Re7 21. c3 Qc7 22. Qh4 Qxe5 23. Ng5 Rc7 24. Qh7+ Kf8 25. Nxf7 Rxf7 26. Rxf7+ Kxf7 1-0